LEADER 01093nam--2200361---450- 001 990006050760203316 005 20150619124838.0 010 $a84-500-8343-5 035 $a000605076 035 $aUSA01000605076 035 $a(ALEPH)000605076USA01 035 $a000605076 100 $a20150617d1983----km-y0itay50------ba 101 $aspa 102 $aSP 105 $aa---||||001yy 200 1 $aPlans i Projectes per a Barcelona 1981/1982 205 $a2. ed. 210 $aBarcelona$cAjuntament de Barcelona-Àrea d'Urbanisme$dcopyr. 1983 215 $a297 p.$cill.$d30x30 cm 607 $aBarcellona$xPianificazione urbanistica$2BNCF 676 $a711.4094672 801 0$aIT$bsalbc$gISBD 912 $a990006050760203316 951 $a711.409 PLA$b760 Crd.$c711$d00330920 959 $aBK 969 $aCRD 979 $aPAOLA$b90$c20150617$lUSA01$h1715 979 $aPAOLA$b90$c20150617$lUSA01$h1717 979 $aPAOLA$b90$c20150619$lUSA01$h1248 979 $aPAOLA$b90$c20150619$lUSA01$h1248 996 $aPlans i Projectes per a Barcelona 1981$91076763 997 $aUNISA LEADER 02037oam 2200409zu 450 001 996213503503316 005 20210807003532.0 035 $a(CKB)111055184251322 035 $a(SSID)ssj0000454451 035 $a(PQKBManifestationID)12175333 035 $a(PQKBTitleCode)TC0000454451 035 $a(PQKBWorkID)10398184 035 $a(PQKB)11674748 035 $a(NjHacI)99111055184251322 035 $a(EXLCZ)99111055184251322 100 $a20160829d2001 uy 101 0 $aeng 135 $aur||||||||||| 181 $ctxt 182 $cc 183 $acr 200 10$a2001 IEEE International Conference on Acoustics, Speech and Signal Processing 210 31$a[Place of publication not identified]$cI E E E$d2001 215 $a1 online resource (4068 pages) $cillustrations 300 $aBibliographic Level Mode of Issuance: Monograph 311 $a0-7803-7041-4 320 $aIncludes bibliographical references and index. 327 $av. 1. Speech processing 1 -- v. 2. Speech processing 2; industry technology track; design & implementation of signal processing systems; neural networks for signal processing -- v. 3. Image & multidimensional signal processing; multimedia signal processing -- v. 4. Signal processing for communications -- v. 5. Signal processing education; sensor array & multichannel signal processing; audio & electroacoustics -- v. 6. Signal processing theory & methods. 330 $aThe topics in this text include: audio and electro-acoustics; design and implementation of DSP systems; image and multidimensional signal processing; speech processing; DSP chips and architectures; communication technologies; biomedical applications; and emerging DSP applications. 606 $aSpeech processing systems$vCongresses 615 0$aSpeech processing systems 676 $a006.454 801 0$bPQKB 906 $aPROCEEDING 912 $a996213503503316 996 $a2001 IEEE International Conference on Acoustics, Speech and Signal Processing$92380588 997 $aUNISA LEADER 02193nam 22004695 450 001 9910483915103321 005 20251202145446.0 010 $a3-030-52784-0 024 7 $a10.1007/978-3-030-52784-6 035 $a(CKB)5280000000246100 035 $a(DE-He213)978-3-030-52784-6 035 $a(MiAaPQ)EBC6455838 035 $a(PPN)252508688 035 $a(EXLCZ)995280000000246100 100 $a20201130d2020 u| 0 101 0 $aeng 135 $aurnn|008mamaa 181 $ctxt$2rdacontent 182 $cc$2rdamedia 183 $acr$2rdacarrier 200 10$aIntroduction to Functional Analysis /$fby Christian Clason 205 $a1st ed. 2020. 210 1$aCham :$cSpringer International Publishing :$cImprint: Birkhäuser,$d2020. 215 $a1 online resource (X, 170 p. 1 illus.) 225 1 $aCompact Textbooks in Mathematics,$x2296-455X 311 08$a3-030-52783-2 327 $aTopological basics -- Linear operators between normed spaces -- Dual spaces and weak convergence -- Compact operators between Banach spaces -- Hilbert spaces. 330 $aFunctional analysis has become one of the essential foundations of modern applied mathematics in the last decades, from the theory and numerical solution of differential equations, from optimization and probability theory to medical imaging and mathematical image processing. This textbook offers a compact introduction to the theory and is designed to be used during one semester, fitting exactly 26 lectures of 90 minutes each. It ranges from the topological fundamentals recalled from basic lectures on real analysis to spectral theory in Hilbert spaces. Special attention is given to the central results on dual spaces and weak convergence. 410 0$aCompact Textbooks in Mathematics,$x2296-455X 606 $aFunctional analysis 606 $aFunctional Analysis 615 0$aFunctional analysis. 615 14$aFunctional Analysis. 676 $a515.7 700 $aClason$b Christian$01065688 801 0$bMiAaPQ 801 1$bMiAaPQ 801 2$bMiAaPQ 906 $aBOOK 912 $a9910483915103321 996 $aIntroduction to functional analysis$92547515 997 $aUNINA